Statistiques concernant Pays des Grands Lacs d'Afrique

Cliquez ici pour prendre le quiz!

Statistiques générales

  • Ce quiz a été pris 9 106 fois
  • Le résultat moyen est 9 sur 10

Réponses sur la Carte

Les réponses sont colorées sur une échelle allant du rouge au vert en fonction du pourcentage des utilisateurs qui les ont devinées à leur premier essai. Vous pouvez retrouver ces pourcentages ci-dessous.
 

Statistiques - réponses

Pays% Correct
R. D. Congo
97%
Éthiopie
93%
Kenya
93%
Tanzanie
92%
Mozambique
91%
Rwanda
90%
Ouganda
86%
Zambie
86%
Burundi
85%
Malawi
84%

Distribution des résultats

Percentile par nombre de réponses

% des personnes avec chaque résultat

Votre développement - résultats

Vous n’avez pas pris ce quiz